[Event "Oberliga NRW 1112"]
[Site "Germany"]
[Date "2011.10.09"]
[Round "2.6"]
[White "Peschlow, Patrick"]
[Black "Wolter, Kai"]
[Result "1-0"]
[WhiteElo "2280"]
[BlackElo "2194"]
[PlyCount "111"]
[EventDate "2011.09.18"]
[EventType "team-tourn"]
[EventRounds "9"]
[EventCountry "GER"]
[SourceTitle "EXT 2015"]
[Source "ChessBase"]
[SourceDate "2014.11.20"]
[SourceVersion "1"]
[SourceVersionDate "2014.11.20"]
[SourceQuality "1"]
[WhiteTeam "Koeln Porz II"]
[BlackTeam "Muenster SK"]
[WhiteTeamCountry "GER"]
[BlackTeamCountry "GER"]

1. e4 c5 2. Nf3 e6 3. d4 cxd4 4. Nxd4 Nc6 5. Nc3 Qc7 6. Be2 a6 7. 0-0 Nf6 8. Be3 Bb4 9. Na4 Be7 10. Nxc6 bxc6 11. Nb6 Rb8 12. Nxc8 Qxc8 13. Bd4 c5 14. Be5 Rb6 15. b3 d6 16. Bb2 0-0 17. Bd3 d5 18. exd5 exd5 19. Re1 Re6 20. Qf3 Re8 21. Bf5 Rxe1+ 22. Rxe1 Qa8 23. g3 Bf8 24. Rxe8 Nxe8 25. c4 Nc7 26. Qf4 Qd8 27. cxd5 Qxd5 28. Be4 Qd1+ 29. Kg2 Ne6 30. Qf3 Qd6 31. Qd3 g6 32. Qxd6 Bxd6 33. Bb7 a5 34. Kf3 Kf8 35. Ke4 Ke7 36. Kd5 f5 37. Bc3 Bc7 38. Bc8 Ng5 39. Kc6 Ne4 40. Be1 Bd8 41. h4 h5 42. f3 Nd6 43. Ba6 f4 44. Bd3 fxg3 45. Bxg3 Nf5 46. Bxf5 gxf5 47. Kxc5 Ke6 48. Kc4 Bb6 49. a4 Bd8 50. b4 axb4 51. Kxb4 Kd5 52. a5 Bxa5+ 53. Kxa5 Kd4 54. Bf4 Kd3 55. Bg5 Ke2 56. f4 1-0

[Event "Oberliga NRW 1011"]
[Site "Germany"]
[Date "2011.04.03"]
[Round "9.5"]
[White "Peschlow, Patrick"]
[Black "Van Dooren, Dirk"]
[Result "1-0"]
[WhiteElo "2311"]
[BlackElo "2286"]
[PlyCount "45"]
[EventDate "2010.09.26"]
[EventType "team-tourn"]
[EventRounds "9"]
[EventCountry "GER"]
[SourceTitle "EXT 2012"]
[Source "ChessBase"]
[SourceDate "2011.11.24"]
[SourceVersion "1"]
[SourceVersionDate "2011.11.24"]
[SourceQuality "1"]
[WhiteTeam "Koeln Porz II"]
[BlackTeam "Aachen Aufwaerts"]
[WhiteTeamCountry "GER"]
[BlackTeamCountry "GER"]

1. e4 e6 2. d4 d5 3. Nc3 Nf6 4. e5 Nfd7 5. f4 c5 6. Nf3 Nc6 7. Be3 f6 8. exf6 Qxf6 9. Qd2 c4 10. Be2 Rb8 11. 0-0 Bb4 12. a3 Bxc3 13. bxc3 0-0 14. Ne5 Ndxe5 15. fxe5 Qe7 16. Bg5 Qe8 17. Rxf8+ Qxf8 18. Bh5 Bd7 19. Rf1 Qxa3 20. Rf7 Rf8 21. Rxd7 Qa1+ 22. Bd1 b5 23. Rxg7+ 1-0

[Event "Oberliga NRW 1011"]
[Site "Germany"]
[Date "2011.01.09"]
[Round "5.8"]
[White "Peschlow, Patrick"]
[Black "Falter, Lennart"]
[Result "1/2-1/2"]
[WhiteElo "2311"]
[BlackElo "1843"]
[PlyCount "53"]
[EventDate "2010.09.26"]
[EventType "team-tourn"]
[EventRounds "9"]
[EventCountry "GER"]
[SourceTitle "EXT 2012"]
[Source "ChessBase"]
[SourceDate "2011.11.24"]
[SourceVersion "1"]
[SourceVersionDate "2011.11.24"]
[SourceQuality "1"]
[WhiteTeam "Koeln Porz II"]
[BlackTeam "Aachen"]
[WhiteTeamCountry "GER"]
[BlackTeamCountry "GER"]

1. e4 e5 2. Nf3 Nc6 3. Bb5 a6 4. Ba4 Nf6 5. 0-0 Be7 6. Re1 b5 7. Bb3 d6 8. c3 0-0 9. h3 Na5 10. Bc2 c5 11. d4 Qc7 12. Nbd2 Nc6 13. d5 Nd8 14. a4 Rb8 15. b3 Ne8 16. axb5 axb5 17. Nf1 g6 18. Bh6 Ng7 19. g4 f6 20. Ng3 Nf7 21. Be3 Bd7 22. Qd2 Ra8 23. Kg2 Ra7 24. Rxa7 Qxa7 25. Bd3 Qa3 26. Rb1 Ra8 27. Qb2 1/2-1/2

[Event "Oberliga NRW 1011"]
[Site "Germany"]
[Date "2010.12.19"]
[Round "4.8"]
[White "Virnyi, Julius"]
[Black "Peschlow, Patrick"]
[Result "0-1"]
[WhiteElo "2072"]
[BlackElo "2311"]
[PlyCount "66"]
[EventDate "2010.09.26"]
[EventType "team-tourn"]
[EventRounds "9"]
[EventCountry "GER"]
[SourceTitle "EXT 2012"]
[Source "ChessBase"]
[SourceDate "2011.11.24"]
[SourceVersion "1"]
[SourceVersionDate "2011.11.24"]
[SourceQuality "1"]
[WhiteTeam "Muenster"]
[BlackTeam "Koeln Porz II"]
[WhiteTeamCountry "GER"]
[BlackTeamCountry "GER"]

1. e4 c5 2. Nf3 Nc6 3. Bb5 Nf6 4. Nc3 g6 5. Bxc6 dxc6 6. h3 Bg7 7. d3 Nd7 8. Be3 e5 9. Qd2 h6 10. 0-0-0 Qe7 11. Ne2 Nf8 12. c3 Ne6 13. g4 Bd7 14. Kb1 0-0-0 15. Qc2 h5 16. Qa4 hxg4 17. hxg4 Rxh1 18. Rxh1 Kb8 19. Nd2 Bc8 20. Nc1 Bf6 21. Qd1 Bg5 22. Qe2 Bxe3 23. Qxe3 Nf4 24. f3 Be6 25. Nf1 Qd6 26. Kc2 g5 27. b3 b5 28. Rh2 c4 29. Rd2 cxb3+ 30. axb3 Qa3 31. c4 Rd4 32. Ng3 bxc4 33. dxc4 Rxc4+ 0-1

[Event "Oberliga NRW 1011"]
[Site "Germany"]
[Date "2010.10.24"]
[Round "2.6"]
[White "Heisel, Guido"]
[Black "Peschlow, Patrick"]
[Result "1-0"]
[WhiteElo "2236"]
[BlackElo "2311"]
[PlyCount "45"]
[EventDate "2010.09.26"]
[EventType "team-tourn"]
[EventRounds "9"]
[EventCountry "GER"]
[SourceTitle "EXT 2012"]
[Source "ChessBase"]
[SourceDate "2011.11.24"]
[SourceVersion "1"]
[SourceVersionDate "2011.11.24"]
[SourceQuality "1"]
[WhiteTeam "Duisburg"]
[BlackTeam "Koeln Porz II"]
[WhiteTeamCountry "GER"]
[BlackTeamCountry "GER"]

1. d4 Nf6 2. Bg5 e6 3. e4 h6 4. Bxf6 Qxf6 5. c3 b6 6. g3 Bb7 7. Bg2 Qd8 8. f4 c5 9. d5 exd5 10. e5 Qc7 11. Bxd5 Bxd5 12. Qxd5 Nc6 13. Na3 a6 14. Nf3 Be7 15. Rd1 Rd8 16. Nc4 0-0 17. 0-0 b5 18. Nd6 Bxd6 19. Qxd6 Qxd6 20. Rxd6 Nb8 21. Nd2 Rfe8 22. Ne4 Rc8 23. Rd5 1-0

[Event "Politiken Cup 32nd"]
[Site "Copenhagen"]
[Date "2010.08.08"]
[Round "10"]
[White "Peschlow, Patrick"]
[Black "Hobber, Anders"]
[Result "1/2-1/2"]
[WhiteElo "2311"]
[BlackElo "2135"]
[PlyCount "26"]
[EventDate "2010.07.31"]
[EventType "swiss"]
[EventRounds "10"]
[EventCountry "DEN"]
[SourceTitle "CBM 137 Extra"]
[Source "ChessBase"]
[SourceDate "2010.09.01"]
[SourceVersion "1"]
[SourceVersionDate "2010.09.01"]
[SourceQuality "1"]

1. e4 e6 2. d4 d5 3. Nc3 h6 4. Bd3 Nc6 5. Nf3 Nb4 6. Bb5+ c6 7. Be2 Nf6 8. e5 Ne4 9. a3 Nxc3 10. bxc3 Na6 11. 0-0 Qa5 12. Bd2 Qa4 13. Qb1 Nc7 1/2-1/2

[Event "Politiken Cup 32nd"]
[Site "Copenhagen"]
[Date "2010.08.06"]
[Round "8"]
[White "Peschlow, Patrick"]
[Black "Guttulsrud, Odd Martin"]
[Result "0-1"]
[WhiteElo "2311"]
[BlackElo "2073"]
[PlyCount "100"]
[EventDate "2010.07.31"]
[EventType "swiss"]
[EventRounds "10"]
[EventCountry "DEN"]
[SourceTitle "CBM 137 Extra"]
[Source "ChessBase"]
[SourceDate "2010.09.01"]
[SourceVersion "1"]
[SourceVersionDate "2010.09.01"]
[SourceQuality "1"]

1. e4 c5 2. Nf3 d6 3. d4 cxd4 4. Nxd4 Nf6 5. Nc3 a6 6. Be3 e5 7. Nb3 Be6 8. f3 Be7 9. Qd2 0-0 10. 0-0-0 Nbd7 11. g4 b5 12. g5 b4 13. Ne2 Ne8 14. f4 a5 15. f5 a4 16. Nbd4 exd4 17. Nxd4 b3 18. cxb3 axb3 19. axb3 Nc5 20. fxe6 Nxe4 21. Qg2 d5 22. Kb1 Qa5 23. Nc6 Qa2+ 24. Kc2 Rc8 25. Bb5 Qa8 26. exf7+ Rxf7 27. Rxd5 Rxc6+ 28. Kb1 Re6 29. Rhd1 N8d6 30. Qg4 Rg6 31. Bd7 Nf6 32. gxf6 Rxg4 33. fxe7 Rxe7 34. Bxg4 Rxe3 35. h3 Nf7 36. Rd7 g6 37. Rc7 Qe4+ 38. Ka2 Re1 39. Rdd7 Rf1 40. Re7 Qb1+ 41. Ka3 Rf6 42. Be2 Qa1+ 43. Kb4 Rb6+ 44. Bb5 Qa6 45. Re8+ Kg7 46. Re5 Kf6 47. Rd5 Qa8 48. Rcd7 Qb8 49. Ka5 Nd6 50. Ba6 Rxa6+ 0-1

[Event "Politiken Cup 32nd"]
[Site "Copenhagen"]
[Date "2010.08.04"]
[Round "6"]
[White "Peschlow, Patrick"]
[Black "Portisch, Lajos"]
[Result "0-1"]
[WhiteElo "2311"]
[BlackElo "2539"]
[PlyCount "98"]
[EventDate "2010.07.31"]
[EventType "swiss"]
[EventRounds "10"]
[EventCountry "DEN"]
[SourceTitle "CBM 137 Extra"]
[Source "ChessBase"]
[SourceDate "2010.09.01"]
[SourceVersion "1"]
[SourceVersionDate "2010.09.01"]
[SourceQuality "1"]

1. e4 e5 2. Nf3 Nc6 3. Bb5 a6 4. Ba4 Nf6 5. 0-0 d6 6. Re1 Bg4 7. c3 Be7 8. d3 0-0 9. Nbd2 Nd7 10. h3 Bh5 11. Nf1 Nc5 12. Bc2 Ne6 13. Ng3 Bg6 14. b4 d5 15. a3 d4 16. c4 f6 17. Bb3 Bf7 18. Nf5 a5 19. N3h4 axb4 20. Qg4 Kh8 21. c5 Ng5 22. Bxf7 Rxf7 23. Bxg5 fxg5 24. Qh5 Kg8 25. Nxe7+ Qxe7 26. Nf5 Qf6 27. axb4 Raf8 28. b5 Nd8 29. Qe2 Kh8 30. Ra8 Ne6 31. Rxf8+ Rxf8 32. Qc2 h5 33. Ng3 g6 34. Ra1 b6 35. cxb6 cxb6 36. Ra2 Nc5 37. Qc4 Rf7 38. Rd2 Kg7 39. Qd5 h4 40. Nf1 Nxd3 41. f3 Nf4 42. Qa2 Qd6 43. Ne3 Rc7 44. Ng4 Qc5 45. Kh2 Qc1 46. Nf2 d3 47. Nd1 Qc2 48. Qa1 Qxd2 49. Qxe5+ Kh6 0-1